| Поле | Инд. | ПП | Название | Значение |
|---|---|---|---|---|
| Тип записи | a | |||
| Библиографический уровень | b | |||
| 001 | Контрольный номер | RU/IS/BASE/237909806 | ||
| 005 | Дата корректировки | 20200630193230.1 | ||
| 008 | Кодируемые данные | 20070716 | ||
| 040 | b | Код языка каталог. | rus | |
| e | Правила каталог. | PSBO | ||
| 041 | 0_ | a | Код языка текста | rus |
| 084 | a | Индекс другой классификации/Индекс ББК | 60.545.1; 60.543.172 | |
| 100 | 1_ | a | Автор | Прохода В. А. |
| q | Полное имя | Прохода Владимир Анатольевич | ||
| 100 | 1_ | a | Автор | Рязанцев В. В. |
| q | Полное имя | Рязанцев Вячеслав Викторович | ||
| 245 | 10 | a | Заглавие | Межэтнические отношения: взгляды студентов МГУ |
| 650 | a | Основная рубрика | социология | |
| a | Основная рубрика | социология групп | ||
| a | Основная рубрика | этносоциология | ||
| 653 | a | Ключевые слова | межэтнические отношения | |
| a | Ключевые слова | молодежь | ||
| a | Ключевые слова | Московский университет им. М.В. Ломоносова (МГУ) | ||
| a | Ключевые слова | студенты | ||
| a | Ключевые слова | этнические стереотипы | ||
| 773 | 0_ | t | Заглавие источника | Вестник Московского университета. Серия 18, Социология и политология |
| d | Дата издания источника | 2007 | ||
| g | Прочая информация | № 1. - С. 105 - 115 : табл. | ||
| w | Контрольный № источника | RU/IS/BASE/228580253 | ||
| 901 | t | Тип документа | b |